00954nam a2200193 a 450000100060000000300090000600800410001502000150005604000280007108200170009910000570011624500620017326000450023530000090028050503280028965000330061765000750065065000350072520550CO-ViMGA141112s2004 ck r 000 u spa d a8479037059 aCO-ViMGAbspacCO-ViMGA04a612.04 G845b1 aGuillen del Castillo, Manuel; Linares Girela, Daniel10aBases biológicas y fisiológicas del movimiento humano aMadrid : bMedica panAméricana, c2001 a488p aBiología y otras ciencias en relación con el movimiento humano 4 - - Anatomía funcional del aparato locomotor 67 - - Anatomía y fisiología de los aparatos y sistemas en ralación con la actividad fisico - deportiva 169 - - Areas de interes en anatomía y fisiología de la actividad física y el deporte 343 14aAPARATO LOCOMOTOR - ANATOMIA14aFISIOLOGIA DEL EJERCICIO - TRATAMIENTOEJERCICIO - ASPECTOS FONOLOGICOS14aMOVIMIENTO - SISTEMA LOCOMOTOR